00509nam a2200193 a 4500001001300000003000900013005001700022008004100039020001000080082001600090100002500106245002200131260003400153300000900187500003500196505003400231650002500265700002500290nice12345678IN_TiNIC20260116011325.0050524s1954 dela grp 000 0 urd  ac1.500a297.52bREH aRehmani, Abdus Samad aNamaaz Ki Baatein aDelhibDeeni Book Depo,c1954 a160p aincludes index and biblioraphy2 ascn book club study project.3 aIslam-Prayers-Hadith1 aRehmani, Abdus Samad